Jedyne pozostałe europejskie państwo #1 - Statystyki

Ogólne statystyki
  • Ten quiz został rozwiązany 1 760 razy
  • Średni wynik to 20 z 45
Odpowiedzi na mapie
Odpowiedzi zakodowano w zielono-czerwonej skali na mapie do tego quizu, zgodnie z poniższymi procentami.
 
Statystyki odpowiedzi
Podpowiedź Państwo % Poprawnych
Zaczyna się na literę E Estonia
98%
Zaczyna się na B i jest częścią Beneluksu Belgia
86%
Skolonizowało Filipiny Hiszpania
75%
Północny sąsiad Litwy Łotwa
75%
Prowadziło wojnę zimową z ZSRR Finlandia
73%
Ma pomarańczowy na swojej fladze Irlandia
70%
Jest otoczone przez Włochy Watykan
70%
Co trzeci obywatel tego państwa jest milionerem Monako
68%
Leży na półwyspie Iberyjskim Portugalia
67%
Najkrótszą granicę ma z Ukrainą Słowacja
65%
Państwo bałtyckie które dołączyło do Unii Europejskiej i NATO w 2004 roku Litwa
57%
Jego narodowym kolorem jest pomarańczowy Holandia
53%
Jest najdalej wysuniętym na południe państwem Europy Malta
51%
Jego język jest używany w 29 państwach świata Francja
50%
Powstała tam epoka renesansu Włochy
50%
Drugie najmniejsze państwo w Unii Europejskiej Luksemburg
49%
Powstała tam gra w golfa Wielka Brytania
49%
Znajduje się tam najdłuższy tunel na świecie Szwajcaria
48%
Ogłosiło niepodległość od Jugosławii Chorwacja
46%
Jego władca lubi judo i jazdę konno bez koszulki Rosja
46%
Najwyższym szczytem tego państwa jest Pic de Coma Pedrosa Andora
45%
Powstała tam kostka Rubika Węgry
43%
Jego walutą jest lek Albania
42%
Żadna część tego państwa nie jest oddalona od morza o więcej niż 137 kilometrów Grecja
39%
Do początku IX wieku było pustelnią irlandzkich mnichów Islandia
39%
Jego dominującą religią jest islam Kosowo
38%
40% jego powierzchni to lasy Białoruś
37%
Jest 2000 razy mniejsze od Polski Liechtenstein
37%
Jego flaga jest najstarszą w Europie Dania
35%
Ma terytorium w Alpach Słowenia
35%
Jest najstarszą republiką na świecie San Marino
31%
Zajmuje 45 pozycję na świecie pod względem powierzchni Ukraina
29%
Jego narodowym zwierzęciem jest lew Macedonia Północna
27%
Składa się tylko z dwóch regionów historycznych Bośnia i Hercegowina
24%
Największe państwo które używa euro ale nie jest w Unii Europejskiej Czarnogóra
24%
W 1917 roku wydano najmniejszy na świecie banknot o nominale 10 bani (10 groszy) Rumunia
24%
Posiada dwa hymny Szwecja
23%
Południowy sąsiad powyższego Bułgaria
22%
Wino w tym państwie oficjalnie nie jest alkoholem Mołdawia
21%
Leży w Europie Polska
21%
Dołączyło do Unii Europejskiej w 1995 roku Austria
20%
Jako pierwsze wynalazło czas letni Niemcy
20%
Do 2014 boks był tam sportem zakazanym Norwegia
15%
Są uważane za najbardziej muzykalny naród na całym świecie Czechy
14%
Stolica tego państwa uzyskała tytuł miasta-bogatera zw 1974 roku Serbia
12%
Nie znaleziono quizów pasujących do podanych kryteriów
Rozkład punktacji
Procent ludzi z każdym wynikiem
Percentyl według liczby udzielonych odpowiedzi
Twoja historia wyników
Nie rozwiązałeś tego quizu